000
00261nam a2200109 a 4500
005
20201002053329.0
008
180412s2016 000 spa d
020
_a
9789945124026
245
0
_a
English III :.
260
_a
Santo Domingo,
_c
2016.
999
_c
46553
_d
46553
040
_a
DO-SdBNP